| 000 | 00906nam a2200229 a 4500 | ||
|---|---|---|---|
| 001 | 000022171 | ||
| 005 | 20200930011619.0 | ||
| 008 | 100917s1968 sp r 001 0 spa d | ||
| 040 |
_aDO-SdBNP _bspa _cBNPHU |
||
| 082 |
_axxxx _bP187m |
||
| 100 | 1 |
_aPan Ligny, Gerard Le, _945873 |
|
| 245 | 1 | 0 |
_aManual de comercio exterior : _bpráctica de la exportación - importación / _cGerard Le Pan de Ligny ; prólogo Tirso de Olazábal , Ruiz de Arana ; traducción José San Miguel Montorio. |
| 260 |
_aBilbao, España : _bDeusto, _c1968. |
||
| 300 | _a330 p. :. | ||
| 500 | _aIncluye índice alfabético. | ||
| 500 | _aIncluye bibliografía p. [322-323]. | ||
| 504 | _aIncluye referencias bibliográficas y notas al pie de las páginas. | ||
| 700 | 1 |
_aOlazábal, Tirso de, _epról. _945874 |
|
| 700 | 1 |
_aArana, Ruiz de, _epról. _945875 |
|
| 700 | 1 |
_aMiguel Montorio, José San, _etr. _945876 |
|
| 049 | _aBNGR | ||
| 999 |
_c21669 _d21669 |
||